Movies Quiz

Random Movies or Actor Quiz
Score 0/30 Timer 06:00
1 Play Today
% Correct
Tom Hanks
93.4%
Harrison Ford
93%
Sylvester Stallone
92.9%
Mel Gibson
91.5%
Bruce Willis
91.2%
Jack Nicholson
91%
Brad Pitt
91%
Russell Crowe
90.4%
Christian Bale
90.3%
Jim Carrey
89.6%
Morgan Freeman
88%
Robin Williams
86.8%
Samuel L. Jackson
85.9%
Leonardo DiCaprio
85.6%
Dustin Hoffman
85.5%
% Correct
Marlon Brando
83.8%
Matt Damon
83.7%
Hugh Jackman
83.4%
Kevin Spacey
83.1%
Robert De Niro
81.2%
Tom Cruise
81.2%
Charlton Heston
78.5%
Paul Newman
75.7%
Humphrey Bogart
74.7%
James Stewart
69.7%
Clark Gable
69.6%
Tom Hardy
68.2%
Henry Fonda
63%
Jack Lemmon
62.6%
Cary Grant
61.9%
Remove Ads.
Support Sporcle.
Get the best of Sporcle when you Go Orange. This ad-free experience offers more features, more stats, and more fun while also helping to support Sporcle. Thank you for becoming a member.

You're not logged in!

Compare scores with friends on all Sporcle quizzes.
OR
Log In

Show Comments

Extras

Top Quizzes Today


Score Distribution

Your Account Isn't Verified!

In order to create a playlist on Sporcle, you need to verify the email address you used during registration. Go to your Sporcle Settings to finish the process.

Report this User

Report this user for behavior that violates our Community Guidelines.

Details: